000
00326nam a2200145Ia 4500
100
_a
Jourdain /robert
942
_c
BK
654
_a
Pascal
245
_a
Turbo pascal express revised
260
_b
Prentice Hall of India
_a
New dehli
_c
1990
082
_a
001.6424TP
_b
JOU
300
_a
394
546
_a
ENGLISH
999
_c
33751
_d
33751